000 04095cam a22012254i 4500
003 PE-LiUPU
005 20250813185350.0
008 150525s2007 sp a rb 000 0 spa d
020 _a8427715552
020 _a9788427715554
035 _a(Sirsi) i9788427715554
040 _aPE-LiUPU
_bspa
_cPE-LiUPU
_erda
049 _aPRUA
082 0 4 _a303.482
_bV65
100 1 _aVilà Baños, Ruth,
_eautor.
245 1 0 _aComunicación intercultural :
_bmateriales para secundaria /
_cRuth Vilà Baños.
264 1 _aMadrid :
_bNarcea,
_c2007.
300 _a124 páginas :
_bilustraciones ;
_c29 centímetros
336 _atext
_2rdacontent
337 _aunmediated
_2rdamedia
338 _avolume
_2rdacarrier
504 _aBibliografía : páginas 123-124.
505 0 _aPRÓLOGO. Margarita Bartolomé Pina -- PRESENTACIÓN -- INTRODUCCIÓN: COMUNICACIÓN INTERCULTURAL -- Comunicación intercultural, objetivo educativo -- Dimensiones de la comunicación intercultural -- Competencias para la comunicación intercultural -- PROGRAMA DE COMUNICACIÓN INTERCULTURAL -- Mejorar la competencia comunicativa intercultural -- Objetivos educativos generales -- Relación contenidos-objetivos -- Principios pedagógicos -- Actividades -- ACTIVIDADES DEL PROGRAMA -- Conocimientos interculturales -- Comunicación verbal. ¿Me entienden? -- La comunicación no verbal -- Trabajando juntos -- La panadería de Manuel -- ¿Qué está pasando aquí? -- Sensibilidad intercultural -- Eltaller de teatro -- Investigando la comunicación intercultural en el Instituto -- ¿Con quién sí? ¿Con quién no? -- Habilidades interculturales -- ¿Puedes ser un poco más claro? -- Chat intercultural. ¿Somos amigos/as por e-mail? -- Flexibilidad -- ¿Dónde está la estación de ferrocarril? -- EVALUAR LA COMPETENCIA COMUNICATIVA INTERCULTURAL -- Escala de sensibilidad intercultural -- Test de competencia comunicativa intercultural -- BIBLIOGRAFÍA
526 _aP202
526 _aP201
526 _aP163
526 _aP162
526 _aP161
526 _aP160
526 _aP148
526 _aP147
526 _aP146
526 _aP145
526 _aP144
526 _aP143
526 _aP142
526 _aP141
526 _aP140
526 _aP139
526 _aP138
526 _aP137
526 _aP136
526 _aP135
526 _aP134
526 _aP133
526 _aP129
526 _aP128
526 _aP127
526 _aP120
526 _aP119
526 _aP118
526 _aP116
526 _aP115
526 _aP114
526 _aP110
526 _aP109
526 _aP108
526 _aP104
526 _aP103
526 _aP102
526 _aP99
526 _aP98
526 _aP97
526 _aP96
526 _aP95
526 _aP93
526 _aP90
526 _aP89
526 _aP88
526 _aP83
526 _aP82
526 _aP62
526 _aP59
526 _aP58
526 _aP57
526 _aP51
526 _aP49
526 _aP48
526 _aP47
526 _aP29
526 _aP24
526 _aP20
526 _aP19
526 _aP17
526 _aP15
526 _aP14
526 _aP12
526 _aP10
526 _aP09
526 _aP08
526 _aP07
526 _aP06
526 _aP05
526 _aP04
526 _aP01
541 _g043-0014414;
650 0 4 _aComunicación
_xAnálisis transcultural.
_2embne
650 1 4 _aComunicación intercultural.
_2embne
910 _ajche
_bjkc
_cjche
_d20150525
942 _2ddc
_cBOOK
949 _a303.482 V65
_wDEWEY
_c1
_i71379
_lCCODEBUL1
_mBUL
_p20.29
_r0
_sY
_tBOOK
_u2015-5-25
_xEDUCACION
_PP20
_0COMPRA
_o.STAFF. Colección General
994 _aC0
_bPEPRU
596 _a1
999 _a303.482 V65
_wDEWEY
_c20002
_i71379
_d20002
_e2018-11-25
_f2021-11-4
_g5
_lCCODEBUL1
_mBUL
_n2
_p20.29
_q2
_r0
_sY
_tBOOK
_u2015-5-25
_xBIBLIOTECA
_PP20
_0COMPRA
_o.STAFF. Colección General
980 _81
_gALBERTO SANCHEZ Responsable de Automatización